000 00888cam a2200301 4500
001 ABS66233
008 030106n2002 000 0 eng u
035 _a(Sirsi) u120904
245 _aRegional survey: North-east
260 _c2002
490 _aProperty Week
_v67(43) 8 November 2002, 59-72(7)
590 _aABS
650 _aNORTHEAST ENGLAND
650 _aINDUSTRIAL MARKET
650 _aPROPERTY-COMMERCIAL PROPERTY-RETAIL PROPERTY-RETAIL PROPERTY MARKET
650 _aMARKET REPORTS
650 _aNEWCASTLE
650 _aTALL BUILDINGS
650 _aPROPERTY-COMMERCIAL PROPERTY-OFFICE PROPERTY-OFFICE PROPERTY MARKET
650 _aSUNDERLAND
650 _aDURHAM
650 _aMIDDLESBROUGH
650 _aDARLINGTON
650 _aSHEDS
650 _aDISTRIBUTION PARKS
690 _aPROPERTY-COMMERCIAL PROPERTY-COMMERCIAL PROPERTY MARKET
942 _n0
999 _c71869
_d71869